00514cam a22001694a 4500020002200000040000800022082002600030245007400056246003000130260004400160300002600204650002600230650002700256700002600283700001900309710001600328 a0821360418 (pbk.) cDLC00a332 WOR 2005 A073 Or.00aAt the frontlines of development :breflections from the World Bank /3 aFrontlines of development aWashington, D.C. :bWorld Bank,cc2005. axiv, 350 p. ;c26 cm. 0aEconomic development. 0aInternational finance.1 aGill, Indermit Singh,1 aPugatch, Todd.2 aWorld Bank.